| 000 | 00656nam a22002057a 4500 | ||
|---|---|---|---|
| 999 |
_c157748 _d157748 |
||
| 005 | 20180928115648.0 | ||
| 010 | _aENG-124079 | ||
| 020 |
_a9789387472310 _c495.00 |
||
| 035 | _aEN-107611 | ||
| 037 | _bDBAD/PUB | ||
| 082 | _a658.8 | ||
| 100 | _aSrinivasan R. | ||
| 245 |
_aCasse studies in marketing: _cby R. Srinivasan _bthe indian context / |
||
| 250 | _a17th ed. | ||
| 260 |
_c2018 _aDelhi _bPHI Learning Pvt. Ltd. |
||
| 270 |
_bDelhi _aRimjhim House, 111, Patparganj Industrial Estate, _e110092 |
||
| 300 |
_axx,383p. _c23cm.(pbk) |
||
| 500 | _aIt includes Appendix-national tourism policy 2002 | ||
| 942 |
_2ddc _cEN _h658.8 _mSRI |
||